Normal view
MARC view
- Lenka, S
Entry Personal Name
001 - CONTROL NUMBER
- control field: 4051
003 - CONTROL NUMBER IDENTIFIER
- control field: OSt
005 - DATE AND TIME OF LATEST TRANSACTION
- control field: 20190516143956.0
008 - FIXED-LENGTH DATA ELEMENTS
- fixed length control field: 190516|| aca||aabn | a|a d
040 ## - CATALOGING SOURCE
- Original cataloging agency: OSt
- Transcribing agency: OSt
100 ## - HEADING--PERSONAL NAME
- Personal name: Lenka, S
670 ## - SOURCE DATA FOUND
- Source citation: Work cat.: (OSt): Lenka, S, Climate change and natural resource management, 2013
